| 000 | 01156nam a2200241Ii 4500 | ||
|---|---|---|---|
| 003 | JO-AjNU | ||
| 005 | 20240629105217.0 | ||
| 008 | 230605s9999||||xx |||||||||||||| ||und|| | ||
| 040 |
_aJO-AjNU _bara _erda _cJO-AjNU |
||
| 041 | _aara | ||
| 050 | 1 | 4 | _aK564.2020 |
| 100 | 1 |
_aمقدادي، صافي محمود _eمعد _965774 |
|
| 245 | 0 |
_aحجية الدليل الالكتروني المستمد من التفتيش الجنائي (دراسة مقارنة)=Authentic electronic evidence derived from criminal inspection (A comparative study / _cاعداد صافي محمود مقدادي؛ اشراف زيد الغرايبة |
|
| 264 | 3 | 1 | _a2020 |
| 300 | _a110 ورقة | ||
| 336 |
_atext _btxt _2rdacontent |
||
| 337 |
_aunmediated _bn _2rdamedia |
||
| 338 |
_avolume _bnc _2rdacarrier |
||
| 500 | _aرسالة جامعية(اطروحة ماجستير) جامعة عجلون الوطنية ،كلية الحقوق، القانون 2020، يحتوي على قائمة مراجع من ص101-110ص | ||
| 650 | 4 |
_aالجرائم الالكترونية _959756 |
|
| 700 | 1 |
_aالغرايبة، زيد ابراهيم _eمشرف _965199 |
|
| 942 |
_2lcc _cTHS |
||
| 999 |
_c30474 _d30474 |
||